LEADER 01271nam a2200301 i 4500 001 000000139369 003 CaOOAMICUS 005 20050520000000.0 008 050520s1995 it u000 u ita u 013 $a113402 020 $a88-17-11125-2 040 $aSeMil$bita 100 1 $aNegri, Ada,$d<1870-1945>.$0(OLS)http://semarc/name/8281 245 10$aMia giovinezza :$bpoesie /$cAda Negri ; a cura di Davide Rondoni. 260 $aMilano :$bBiblioteca Universale Rizzoli,$c1995. 300 $a127 p. ;$c21 cm. 490 0 $aI libri dello spirito cristiano 500 $aContiene : Bibliografia. - Fondo Card. C.M. Martini. 650 4$aNegri, Ada <1870-1945> - Opere.$0(OLS)http://semarc/subject/2919 700 1 $aRondoni, Davide,$d<1964- >.$0(OLS)http://semarc/name/7286 830 2$aI libri dello spirito cristiano.$0(OLS)http://semarc/title/9336 850 $aSeMil 852 $aSeMil$W1$xVenegono$y1$m1B IV 114$j92778$B92778$CSeMilBibl$Z2$F98019 $81 941 1 $a4 961 $aOmaggio: Martini Card. Carlo Maria 996 $6020$a88-17-11125-2$9(OLS)http://semarc/number/127376 996 $6245$aMia giovinezza :$bpoesie$9(OLS)http://semarc/title/203641 996 $6260$aMilano :$bBiblioteca Universale Rizzoli$9(OLS)http://semarc/publisher/31907 LEADER 01188nam a2200277 i 4500 001 000000165858 003 CaOOAMICUS 005 20071119000000.0 008 071119s2007 it u000 u ita u 013 $a143226 020 $a978-88-7402-353-0 040 $aSeMil$bita 100 1 $aZeppegno, Giuseppe,$d<1957- >.$0(OLS)http://semarc/name/8465 245 10$aBioetica. Ragione e fede :$bdi fronte all'antropolgia di H. Engelhardt Jr. /$cGiuseppe Zeppegno. 260 $aCantalupa (TO) :$bEffatą,$c2007. 300 $a159 p. ;$c24 cm. 490 0 $aStudia taurinensia ;$v24 500 $aContiene : Bibliografia. 650 4$aEngelhardt, H.T. - Bioetica.$0(OLS)http://semarc/subject/31475 830 0$aStudia taurinensia ;$v24.$0(OLS)http://semarc/title/9742 850 $aSeMil 852 $aSeMil$W1$xVenegono$y1$m2KA Z 24$j231099$B117030$CSeMilBibl$Z2$F129361 $81 961 $aAcquisto: DEA 996 $6020$a978-88-7402-353-0$9(OLS)http://semarc/number/152264 996 $6245$aBioetica. Ragione e fede :$bdi fronte all'antropolgia di H. Engelhardt Jr.$9(OLS)http://semarc/title/236843 996 $6260$aCantalupa (TO) :$bEffatą$9(OLS)http://semarc/publisher/32483